| 000 | 00560nim a22001935 4500 | ||
|---|---|---|---|
| 001 | BK0030176296 | ||
| 005 | 20230201120659.0 | ||
| 007 | sd fungnnmmned | ||
| 008 | 230124s2023 xx nnnn ||fn eng d | ||
| 020 |
_a9781705025062 : CMD _c39.99 |
||
| 020 |
_a1705025064 : CMD _c39.99 |
||
| 037 |
_bBlackstone Pub, Special Markets Po Box 969, Ashland, OR, USA, 97520 _nSAN 173-2811 |
||
| 050 | _aPS | ||
| 082 | _a813 | ||
| 092 | _a813.0000 | ||
| 100 |
_aBox, C. J./ Chandler, David (NRT) _95763827 |
||
| 245 | 0 | 0 | _aStorm Watch |
| 264 | 1 |
_bBlackstone Pub _c2023 |
|
| 999 |
_c380596 _d380596 |
||